| 000 | 00804cam a22002651 4500 | ||
|---|---|---|---|
| 001 | 8012023 | ||
| 003 | ARRUPE | ||
| 005 | 20141006131103.0 | ||
| 008 | 750513s1968 ohu b 000 0 eng | ||
| 010 | _a 67018031 | ||
| 035 | _a(OCoLC)1328480 | ||
| 040 |
_aDLC _cFM _dOCoLC _dDLC |
||
| 042 | _apremarc | ||
| 050 | 0 | 0 |
_aBM610 _b.L42 |
| 082 | _a296.3/11 | ||
| 100 | 1 |
_aLelyveld, Arthur J., _d1913-1996. _912071 |
|
| 245 | 1 | 0 |
_aAtheism is dead; _ba Jewish response to radical theology _c[by] Arthur J. Lelyveld. |
| 260 |
_aCleveland, _bWorld Pub. Co. _c[1968] |
||
| 300 |
_axii, 209 p. _c21 cm. |
||
| 504 | _aBibliographical footnotes. | ||
| 650 | 0 |
_aGod (Judaism) _9147 |
|
| 650 | 0 |
_aDeath of God theology. _912072 |
|
| 906 |
_a7 _bcbc _coclcrpl _du _encip _f19 _gy-gencatlg |
||
| 942 |
_2lcc _cMONOGRAPH |
||
| 999 |
_c121087 _d121087 |
||